000
00416nam a22001697a 4500
003
MPLRDC
005
20220104114728.0
008
210129b ||||| |||| 00| 0 eng d
082
_a
293.1 XSL
100
_a
许绍龙
245
_a
飞星紫微斗数
_c
260
_a
_b
大台北出版社
_c
1986
300
_b
平
490
_a
无师自通算命丛书
650
_a
命书--紫微斗数
942
_c
BK
_o
293.1 XSL
999
_c
9766
_d
9756